|
|
|
|
| LEADER |
01597nam a2200397 a 4500 |
| 001 |
EBC1244675 |
| 003 |
MiAaPQ |
| 005 |
20200520144314.0 |
| 006 |
m o d | |
| 007 |
cr cn||||||||| |
| 008 |
130713s2012 enka sb 001 0 eng d |
| 020 |
|
|
|z 9780415232623
|
| 020 |
|
|
|a 9780203114971 (electronic bk.)
|
| 035 |
|
|
|a (MiAaPQ)EBC1244675
|
| 035 |
|
|
|a (Au-PeEL)EBL1244675
|
| 035 |
|
|
|a (CaPaEBR)ebr10728293
|
| 035 |
|
|
|a (CaONFJC)MIL502793
|
| 035 |
|
|
|a (OCoLC)880901559
|
| 040 |
|
|
|a MiAaPQ
|c MiAaPQ
|d MiAaPQ
|
| 050 |
|
4 |
|a HD4945
|b .A54 2012
|
| 082 |
0 |
4 |
|a 339.5
|2 23
|
| 100 |
1 |
|
|a Altman, Morris.
|
| 245 |
1 |
0 |
|a Economic growth and the high wage economy
|h [electronic resource] :
|b choices, constraints and opportunities in the market economy /
|c Morris Altman.
|
| 260 |
|
|
|a London ;
|a New York :
|b Routledge,
|c c2012.
|
| 300 |
|
|
|a 1 online resource (xx, 313 p.) :
|b ill., graphs.
|
| 490 |
0 |
|
|a Routledge frontiers of political economy ;
|v 158
|
| 504 |
|
|
|a Includes bibliographical references and index.
|
| 533 |
|
|
|a Electronic reproduction. Ann Arbor, MI : ProQuest, 2015. Available via World Wide Web. Access may be limited to ProQuest affiliated libraries.
|
| 588 |
|
|
|a Description based on online resource; title from title page (ebrary, viewed July 13, 2013).
|
| 650 |
|
0 |
|a Wages and labor productivity.
|
| 650 |
|
0 |
|a Efficiency wage theory.
|
| 650 |
|
0 |
|a Labor market.
|
| 650 |
|
0 |
|a Economic development.
|
| 655 |
|
4 |
|a Electronic books.
|
| 710 |
2 |
|
|a ProQuest (Firm)
|
| 856 |
4 |
0 |
|u https://ebookcentral.proquest.com/lib/matrademy/detail.action?docID=1244675
|z Click to View
|